000 01837nam a22002657a 4500
008 170603s2017 cr||||| |||| 00| 0 spa d
020 _a97899309588445
082 0 4 _a708
_bF643a
100 1 _aFlores Sancho, Adrián.
_95439
245 1 0 _aAmpliación del campo de batalla /
_cAdrián Flores Sancho ; Museo de Arte y Diseño Contemporáneo (MADC).
250 _a1a ed.
260 _aSan José, Costa Rica :
_bMuseo de Arte y Diseño Contemporáneo (MADC),
_bEdiciones 1390,
_c2017.
300 _a143 p.
500 _aPublicado como parte del proyecto "Ampliación del campo de batalla", el cual tuvo lugar en la Sala 4, videoteca y antiguos tanques de agua del Museo de Arte y Diseño Contemporáneo (MADC), así también en Libros Duluoz, Librería Andante, en la web y diferentes lugares de San José.
505 0 _tChampagne supernova
_rAdrián Flores Sancho.
_tEl origen de todos los males
_rDaniel Soto Morúa y Adrian Flores Sancho.
_tEntre
_rCristina Ramírez.
_tPronóstico para un paisaje antes y después de un actor
_rOscar G. Chacón.
_tLas partículas elementales
_rDaniel Soto Morúa y Adrián Flores Sancho.
_tDel intercambio constante entre lo material y lo invisible
_rLola Malavasi Lachner.
_tUno
_rFernando Chaves Espinach.
_tTransversal 18 - Diagonal 53
_rDiego van der Laat.
_tLa estructura del multiverso
_rDaniel Soto Morúa y Adrian Flores Sancho.
_tTexto sin séneca
_rJose Pablo Ureña.
_tDecepción extra ampliada no repartimos champagne
_rDaniel Soto Morúa.
653 1 0 _aArte contemporáneo
653 1 0 _aExhibiciones - Texto complementario
653 1 0 _aExhibiciones - Ensayos
653 1 0 _aArte - Costa Rica
653 1 0 _aArtistas costarricenses
653 1 0 _aArte Latinoamericano
653 1 0 _aInstalación
653 1 0 _aProyectos artísticos
710 1 _aMuseo de Arte y Diseño Contemporáneo (MADC).
_95800
999 _c1188
_d1188